00422nam a2200169Ia 4500008004100000020001800041050001400059100001900073245005200092245002200144260001500166260001600181260000900197300001600206300002000222300001000242170918s9999 xx 000 0 und d a9780545007009 bW764 2008 aWindham, Ryder aIndiana Jones and the raiders of the lost ark / cby Ryder Windham. aNew York : bScholastic, c2008 a230 pages : billustrations ; c19cm.